A Brief guide for civil society to oil and gas in Ghana : introducing issues, challenges and prospects associated with the production of oil and gas (Record no. 355)

MARC details
000 -LEADER
fixed length control field 00597nam a2200157Ia 4500
008 - FIXED-LENGTH DATA ELEMENTS--GENERAL INFORMATION
fixed length control field 240428s9999||||xx |||||||||||||| ||und||
020 ## - INTERNATIONAL STANDARD BOOK NUMBER
International Standard Book Number 9788787804356
041 ## - LANGUAGE CODE
Language code of text/sound track or separate title eng
100 ## - MAIN ENTRY--PERSONAL NAME
Personal name Civil Society Platform on Oil and Gas - Tawiah, Augustine
245 #2 - TITLE STATEMENT
Title A Brief guide for civil society to oil and gas in Ghana : introducing issues, challenges and prospects associated with the production of oil and gas
260 ## - PUBLICATION, DISTRIBUTION, ETC.
Name of publisher, distributor, etc. Civil Society Platform
Place of publication, distribution, etc. Accra
Date of publication, distribution, etc. 2010
300 ## - PHYSICAL DESCRIPTION
Extent 33p.;photos
650 ## - SUBJECT ADDED ENTRY--TOPICAL TERM
Topical term or geographic name entry element Oil and Gas Management - Ghana - Oil and Gas Management Guide- Ghana
942 ## - ADDED ENTRY ELEMENTS (KOHA)
Koha item type Books
Holdings
Withdrawn status Lost status Damaged status Not for loan Home library Current library Shelving location Date acquired Total checkouts Full call number Date last seen Copy number Price effective from Koha item type
        Main Library Main Library Open Shelves 30/09/2021   662.33819 1408 C1 29/04/2024 1 29/04/2024 Books
©2026  Parliament of Ghana Library - All rights reserved